[Event "Tournament (universities)"]
[Site "masterchessopen.com Goiania (Brazil)"]
[Date "2012.06.13"]
[Round "2"]
[White "Diniz Plinio Lucio Lima "]
[Black "Umetsubo Cesar (BRA)"]
[Result "0-1"]
[WhiteElo "1800"]
[BlackElo "2241"]

1.e4 c5 2.Nf3 a6 3.Nc3 e6 4.d4 cxd4 5.Nxd4 Nc6 6.Be3 Qc7 7.g3 Nf6 8.Bg2 Be7
9.O-O O-O 10.f4 d6 11.Nf3 Ng4 12.Qd2 Nxe3 13.Qxe3 b5 14.a3 Bb7 15.Qd3 Rac8
16.Rad1 Na5 17.Nd2 Bf6 18.Ndb1 Nc4 19.e5 dxe5 20.Bxb7 Qxb7 21.Rde1 exf4
22.Rxf4 Nxb2 23.Qe2 Bxc3 {#R} 0-1

[Event "Ch Croatia (juniors) (under 15) (g)"]
[Site "masterchessopen.com Osijek (Croatia)"]
[Date "2012.06.20"]
[Round "4"]
[White "Grgic Neomi (CRO)"]
[Black "Ljikar Tamara"]
[Result "1-0"]
[WhiteElo "1735"]
[BlackElo "1782"]

1.e4 c5 2.Nf3 e6 3.d4 cxd4 4.Nxd4 Nc6 5.Nc3 Qc7 6.Be3 a6 7.Qd2 Nf6 8.O-O-O b5
9.f3 Bb7 10.Qf2 Ne5 11.Qg3 d6 12.f4 Nc4 13.Bxc4 Qxc4 14.e5 Nd5 15.Nxd5 Bxd5
16.Nb3 Rc8 17.Rd2 g6 18.f5 gxf5 19.exd6 Qg4 20.Rxd5 exd5 21.Qe5+ Kd7 22.Qxd5
Bxd6 23.Qxf7+ Kd8 24.Bb6+ Bc7 25.Qf6+ {#r} 1-0

[Event "Ch Vojvodina (open)"]
[Site "masterchessopen.com Novi Sad (Serbia)"]
[Date "2012.07.02"]
[Round "6"]
[White "Nestorovic D Nikola (SRB)"]
[Black "Remecki Sinisa (SRB)"]
[Result "1-0"]
[WhiteElo "2436"]
[BlackElo "2225"]

1.e4 c5 2.Nf3 Nc6 3.d4 cxd4 4.Nxd4 Qc7 5.Nc3 e6 6.Be3 a6 7.Qd2 Bb4 8.a3 Be7
9.f3 d6 10.O-O-O Nf6 11.g4 Ne5 12.h4 b5 13.g5 Nfd7 14.f4 Nc4 15.Bxc4 bxc4
16.Kb1 Rb8 17.Ka1 Nc5 18.Qc1 Qb7 {#r} 1-0

[Event "It (open) (b)"]
[Site "masterchessopen.com Amsterdam (Netherlands)"]
[Date "2012.07.16"]
[Round "3"]
[White "Moos Gerd (GER)"]
[Black "Burton Graham P (ENG)"]
[Result "0-1"]
[WhiteElo "1997"]
[BlackElo "2032"]

1.e4 c5 2.Nf3 e6 3.d4 cxd4 4.Nxd4 Nc6 5.Nc3 Qc7 6.Be3 a6 7.Qd2 Nf6 8.O-O-O Be7
9.Be2 b5 10.Nxc6 dxc6 11.Bf3 e5 12.Kb1 O-O 13.Rdg1 Be6 14.g4 Rfd8 15.Qe1 Qa5
16.Nd5 Qxe1+ {#R} 0-1

[Event "Ch Germany (juniors) (Internet) (under 25) (qual2)"]
[Site "masterchessopen.com Internet"]
[Date "2012.09.05"]
[Round "4"]
[White "Machlin Maxim"]
[Black "Schaefer Erik (GER)"]
[Result "0-1"]
[WhiteElo "1716"]
[BlackElo "2256"]

1.e4 c5 2.Nf3 e6 3.d4 cxd4 4.Nxd4 Nc6 5.Nc3 Qc7 6.Be3 a6 7.Nxc6 bxc6 8.Bd3 Nf6
9.O-O d5 10.f4 Be7 11.g4 h5 12.g5 Ng4 13.Bd4 c5 14.Bxg7 Rg8 15.h3 Ne3 16.Qxh5
Rxg7 17.Qh8+ Bf8 18.exd5 Bb7 19.dxe6 Rxg5+ 20.Kf2 Qxf4+ 21.Ke1 Nxf1 22.exf7+
Qxf7 23.Nb5 O-O-O {#R} 0-1

[Event "Ch Oncosinos"]
[Site "masterchessopen.com Porto Alegre (Brazil)"]
[Date "2012.09.09"]
[Round "6"]
[White "Patroclo Arthur Ruiz"]
[Black "Molina Roberto Junio Brito (BRA)"]
[Result "0-1"]
[WhiteElo "2132"]
[BlackElo "2402"]

1.e4 c5 2.Nf3 e6 3.d4 cxd4 4.Nxd4 Nc6 5.Nc3 Qc7 6.Be3 a6 7.Bd3 Nf6 8.f4 Nxd4
9.Bxd4 Qxf4 10.Rf1 Qxh2 11.e5 Bc5 12.Bxc5 Qxe5+ 13.Qe2 Qxc5 14.O-O-O d5 15.g4
h6 16.g5 hxg5 17.Rf5 g4 18.a4 Bd7 {#R} 0-1